| 000 | 00810nam a2200241 4500 | ||
|---|---|---|---|
| 003 | OSt | ||
| 005 | 20240613072430.0 | ||
| 006 | a | ||
| 008 | 240613b |||||||| |||| 00| 0 eng d | ||
| 020 | _a0609808761 | ||
| 040 |
_aDWCL-HMN lib. _cOC |
||
| 082 | _aCirc. 641.0130 G245e 2001 | ||
| 100 | _aGarwood, Nigel | ||
| 245 | _aFood mania : an extraordinary visual record of the art of food from kitchen garden to banqueting table / | ||
| 260 |
_aLondon : _bThames & Hudson, _cc2001. |
||
| 300 |
_b399 p. : col. ill. ; _c21 cm. |
||
| 504 | _aIncludes bibliographical references. | ||
| 650 | _a1. Gastronomy–History–Pictorial works. | ||
| 650 | _a2. Cooking–History–Pictorial works. | ||
| 650 | _a3. Food in art. I. Voight, Rainer. | ||
| 700 | _aNigel Garwood | ||
| 942 |
_2ddc _n0 _cBK-CIRC _kCirc. |
||
| 999 |
_c631 _d631 |
||